First Airlines in Service With Boeing 777's - Statistics

General Stats
  • This quiz has been taken 285 times
  • The average score is 4 of 6
Answer Stats
Hint Answer % Correct
777-200 United Airlines
90%
777-300ER Air France
73%
777 Freighter Air France
73%
777-200ER British Airways
72%
777-300 Cathay Pacific
43%
777-200LR Pakistan International Airlines
32%
No matching quizzes found
Score Distribution
Percent of People with Each Score
Percentile by Number Answered
Your Score History
You have not taken this quiz